Pedagogické dielo PhDr. Ernesta Sýkoru, CSc

Podrobná bibliografia
Hlavný autor: Mátej, Jozef, 1923-1987 (Autor)
Médium: Článok
Jazyk:slovenčina
Fyzický popis:Res. rus., angl.
Predmet:

MARC

LEADER 00000nab a2200000 a 4500
001 vtls000137396
003 SK-MaSNL
005 20260304201509.0
008 160215c1982 xo 0 slo
015 |a SNBRA19rr/mm-uuuuu 
035 |a CL0147502 
040 |a SNKBUCL  |b slo  |c SNKBUCL  |e AACR2 
041 0 |a slo 
044 |a xo  |c SK 
080 |a 37  |2 1981 
080 |a 929 Sýkora, Ernest  |2 1981 
100 1 |a Mátej, Jozef,  |d 1923-1987  |4 aut  |9 257907 
245 1 0 |a Pedagogické dielo PhDr. Ernesta Sýkoru, CSc  |c Jozef Mátej 
300 |b Res. rus., angl. 
600 1 7 |a Sýkora, Ernest,  |d 1914-2000  |2 snkbucl  |9 37984 
655 7 |a články zo zborníkov  |2 snkbucl  |9 166140 
773 0 |t Zborník Filozofickej fakulty a Pedagogickej fakulty Univerzity Komenského. Paedagogica  |d Bratislava : SPN, 1982  |g S. 37-47 
850 |a Slovenská národná knižnica v Martine  |a MTA001 
852 |a SNK  |b KIS3GCP 
958 |a BX 
958 |a RK 
992 |a RZB 
999 |c 3095340  |d 3097270